The Law of Partnerships and Corporations

Detalles Bibliográficos
Autor principal: Vanduzer, J. Anthony
Formato: eBook
Lenguaje:inglés
Publicado: Toronto: Irwin Law Inc., 2021
Materias:
Acceso en línea:Acceso restringido

MARC

LEADER 00000nam a22000007a 4500
005 20210811220326.0
007 cr|||| ||||
008 210811s2021 ca |||||s|||| 00||0 eng d
020 |a 978-1-55221-469-5 
035 |a 34993 
040 |a vLex 
090 |c 11988  |d 11988 
100 1 |a Vanduzer, J. Anthony 
245 1 3 |a The Law of Partnerships and Corporations  |h [Recurso electrn̤ico] /  |c J. Anthony Vanduzer 
256 |a Servicio en ln̕ea 
260 |a Toronto:  |b Irwin Law Inc.,  |c 2021 
300 |a 1 recurso electrn̤ico 
500 |a This accessible and practical reference provides an overview of the essential features of the law governing business organizations in Canada, both in theory and practice. It is a comprehensive and up-to-date guide for practitioners and business people setting up and using sole proprietorships, partnerships and corporations to carry on small businesses as well as a thorough introduction to the law and policy of public company governance. The fourth edition has been fully updated to reflect developments in the caselaw and statutory reforms in the last decade. Dozens of new cases are cited. The 2018 amendments to the Canada Business Corporations Act are discussed, including the requirements for public corporations to report on the diversity of their boards of directors that are not yet in force. The chapters on securities law, corporate governance, and corporate social responsibility have been significantly expanded. As well, features to improve the utility of the book have been added, such as more comprehensive cross-referencing throughout the text. 
506 1 |a Disponible solo en los productos indicados  |d vLex Global  |d vLex Global (Academic Edition, excluding Law Schools)  |d vLex Global (U.S. Academic Edition, Law Schools)  |d vLex Global (U.S. Academic Edition, excluding Law Schools)  |d vLex Global (Academic Edition, Law Schools) 
650 0 4 |a Derecho Mercantil y de la Empresa  |z Canad̀ 
740 0 |a vLex Libros (Servicio en ln̕ea) 
856 4 0 |u https://app.vlex.com/#/sources/34993  |z Acceso restringido 
942 |c BOOK 
999 0 |a Commercial and Company Law